Políticas para la discapacidad
Guardat en:
| Autor principal: | |
|---|---|
| Format: | Llibre |
| Idioma: | espanyol |
| Publicat: |
Madrid
Real Patronato de Prevención y de Atención a Personas con Minusvalía
1999
|
| Col·lecció: | Colección Documentos, 52
|
| Matèries: | |
| Etiquetes: |
Afegir etiqueta
Sense etiquetes, Sigues el primer a etiquetar aquest registre!
|
MARC
| LEADER | 00000nam a2200000 a 4500 | ||
|---|---|---|---|
| 001 | UCO0469 | ||
| 003 | CL-VaPUC | ||
| 005 | 20241025152714.0 | ||
| 008 | 000420e19990000sp 1 spa d | ||
| 082 | 0 | 4 | |a 371.9 |b ALO |2 21 |
| 100 | 1 | |a Alonso Seco, José María |e author |9 619719 | |
| 245 | 1 | 0 | |a Políticas para la discapacidad |
| 260 | |a Madrid |b Real Patronato de Prevención y de Atención a Personas con Minusvalía |c 1999 | ||
| 300 | |a 381 p | ||
| 490 | 0 | |a Colección Documentos, 52 | |
| 583 | |a last modification |c 20000420 00:00:00 |k Rodrigo Vera | ||
| 650 | 0 | 0 | |a Educación especial |9 307486 |
| 650 | 0 | 7 | |a IMPEDIDOS FISICAMENTE |2 CL-VaPUC |9 307526 |
| 650 | 0 | 0 | |a Rehabilitación |9 307382 |
| 650 | 0 | 0 | |a Aspectos legales |9 323328 |
| 650 | 0 | 0 | |a Congresos |9 257560 |
| 651 | 0 | |a España |9 254926 | |
| 942 | |c BK | ||
| 945 | |a rbrito |d 20000420 00:00:00 | ||
| 546 | |a En Español | ||
| 518 | |p Seminario de derecho comparado sobre discapacidades España, Alemania,Francia, Reino Unido y Suecia, Madrid, 1999 | ||
| 999 | |c 383540 |d 383538 | ||
| 952 | |0 0 |1 0 |4 0 |6 371_900000000000000_ALO_1999 |7 0 |8 A |9 505688 |a BIBEDU |b BIBEDU |c ES_NOD |d 2020-01-23 |i 361137K |o 371.9 ALO 1999 |p 361137K |r 2023-08-09 |w 2020-01-23 |y BK |k EPE | ||